French Revolutionaries by picture - Statistics

General Stats
  • This quiz has been taken 226 times
  • The average score is 7 of 24
Answer Stats
Picture Answer % Correct
Maximilien Robespierre
96%
Georges Danton
79%
Jean-Paul Marat
73%
Louis Antoine de Saint-Just
46%
Camille Desmoulins
41%
Honoré Mirabeau
36%
Jacques Brissot
26%
Jacques Hébert
26%
Manon Roland
24%
Georges Couthon
21%
Paul Barras
21%
Collot d'Herbois
20%
Joseph Fouché
19%
Lazare Carnot
18%
Gracchus Babeuf
17%
Bertrand Barère
16%
Antoine Barnave
15%
Fabre d'Églantine
14%
Hérault de Séchelles
12%
Jean-Baptiste Carrier
12%
Jacques-Nicolas Billaud-Varenne
11%
Jean-Lampert Tallien
11%
Antoine Fouquier-Tinville
9%
Theroigne de Mericourt
9%
No matching quizzes found
Score Distribution
Percent of People with Each Score
Percentile by Number Answered
Your Score History
You have not taken this quiz